| 000 | 00795nam a2200265 a 4500 | ||
|---|---|---|---|
| 008 | |||
| 020 | _a9780124158429 (hardback) | ||
| 040 |
_aNUST _cNUST |
||
| 049 | _aMAIN | ||
| 090 |
_aTR897.7 _bPAR |
||
| 100 | 1 | _aParent, Rick. | |
| 245 | 1 | 0 |
_aComputer Animation: _bAgorithms and Techniques / _cParent, Rick. |
| 260 |
_aUnited States : _bElsevier, _c2012 |
||
| 300 | _aThird Edition. | ||
| 300 |
_axvii, 515 pages : _billustrations ; _c26 cm |
||
| 336 |
_atext _btxt _2rdacontent |
||
| 337 |
_aunmediated _bn _2rdamedia |
||
| 338 |
_avolume _bnc _2rdacarrier |
||
| 500 | _aIncludes index. | ||
| 650 | 1 | _aComputer Animation. | |
| 907 |
_a.b10407054 _b04-03-22 _c13-07-21 |
||
| 003 | |||
| 005 | 20230120144506.0 | ||
| 942 |
_cBOOKS _kTR897.7 _mPAR |
||
| 999 |
_c97813 _d97813 |
||